Futurología / (Registro nro. 12778)

Detalles MARC
000 -LIDER
fixed length control field 00718nam a22002417a 4500
003 - IDENTIFICACDOR DE NÚMERO DE CONTROL
control field DO-SdBNP
005 - DATE AND TIME OF LATEST TRANSACTION
control field 20231004110436.0
008 - ELEMENTOS DE LONGITUD FIJA
fixed length control field 171108b 1978 sp a ||||| |||| 00| 0 spa d
020 ## - ISBN
International Standard Book Number 8427004397
040 ## - FUENTE DE CATALOGACIÓN
Agencia que crea de manera original el registro BPMSU
Idioma de catalogación spa
Agencia que realiza la transcripción BPMSU
082 #4 - NÚMERO DE CLASIFICACIÓN DECIMAL DE DEWEY
Classification number 133.5
Item number G767f 1978
Edition number 22
100 1# - ASIENTO PRINCIPAL -- NOMBRE PERSONAL
Nombre personal Gras, Alain
245 10 - MENCIÓN DE TITULO
Título Futurología /
Mención de responsabilidad Alain Gras ; traducción de Josep Miquel Vidal.
260 ## - PUBLICACIÓN, DISTRIBUCIÓN, ETC. (PIE DE IMPRENTA)
Lugar de publicación, distribución, etc Barcelona :
Nombre del editor, distribuidor, etc. Martínez Roca,
Fecha de publicación, distribución, etc 1978.
300 ## - DESCRIPCIÓN FÍSICA
Extensión 215 p. :
Otros detalles físicos il. ;
Dimensiones 18 cm.
490 1# - MENCIÓN DE SERIES
Mención de serie Microcosmo
Volume/sequential designation 34
504 ## - NOTA DE BIBLIOGRAFÍA, ETC.
Bibliography, etc Biografía : p. 212-215
650 #4 - ENCABEZAMIENTO DE MATERIA--TEMÁTICO
Término temático o nombre geográfico como elemento de entrada Astrología
650 #4 - ENCABEZAMIENTO DE MATERIA--TEMÁTICO
Término temático o nombre geográfico como elemento de entrada Predicciones
700 1# - ASIENTO SECUNDARIO -- NOMBRE PERSONAL
Nombre personal Vidal, Josep Miquel,
Mención de responsabilidad tr.
910 ## - VALIDACIÓN
Validación VMateo v. Control de calidad. 2023/VM
942 ## - ADDED ENTRY ELEMENTS (KOHA)
Source of classification or shelving scheme Dewey Decimal Classification
Koha item type Libros
Existencias
Withdrawn status Lost status Source of classification or shelving scheme Damaged status Not for loan Collection code Home library Current library Date acquired Source of acquisition Total Checkouts Full call number Barcode Date last seen Price effective from Koha item type
    Dewey Decimal Classification     Colección General Biblioteca Pública Metropolitana Salomé Ureña Biblioteca Pública Metropolitana Salomé Ureña 11/08/2017 FUNDI   BPMSU CG 133.5 G767f 1978 BPMSU17110065 11/08/2017 11/08/2017 Libros